000 00371nam a2200133 4500
005 20260530115257.0
100 1 _aEd Gold
_930578
245 1 0 _aThe Business of Graphic Design. A sensible approach...
264 1 _bWatson-Guptill Publications
_c1985
300 _a176 páginas
336 _atexto
_2rdacontent
337 _asin medio
_2rdamedia
338 _avolumen
_2rdacarrier
999 _c12633
_d12633